MARC details
| 000 -LEADER |
| fixed length control field |
00807cam a2200217 4500 |
| 001 - CONTROL NUMBER |
| control field |
WS109711 |
| 008 - FIXED-LENGTH DATA ELEMENTS--GENERAL INFORMATION |
| fixed length control field |
000000n 000 0 eng u |
| 035 ## - SYSTEM CONTROL NUMBER |
| System control number |
(Sirsi) u109711 |
| 245 ## - TITLE STATEMENT |
| Title |
Co-construct |
| 520 ## - SUMMARY, ETC. |
| Summary, etc. |
Web site set up by the 5 main construction research bodies in the UK, BSRIA, CIRIA, Concrete Society, Steel Construction Institute and TRADA, to bring together their information and research. Covers events, projects, publications and journals. |
| 650 ## - SUBJECT ADDED ENTRY--TOPICAL TERM |
| Topical term or geographic name entry element |
RESEARCH |
| 650 ## - SUBJECT ADDED ENTRY--TOPICAL TERM |
| Topical term or geographic name entry element |
BSRIA |
| 650 ## - SUBJECT ADDED ENTRY--TOPICAL TERM |
| Topical term or geographic name entry element |
CIRIA |
| 650 0# - SUBJECT ADDED ENTRY--TOPICAL TERM |
| Topical term or geographic name entry element |
CONCRETE SOCIETY |
| 650 ## - SUBJECT ADDED ENTRY--TOPICAL TERM |
| Topical term or geographic name entry element |
STEEL CONSTRUCTION INSTITUTE |
| 650 ## - SUBJECT ADDED ENTRY--TOPICAL TERM |
| Topical term or geographic name entry element |
ORGANISATION |
| 650 ## - SUBJECT ADDED ENTRY--TOPICAL TERM |
| Topical term or geographic name entry element |
TRADA |
| 690 ## - LOCAL SUBJECT ADDED ENTRY--TOPICAL TERM (OCLC, RLIN) |
| Topical term or geographic name as entry element |
BUILT ENVIRONMENT |
| 856 40 - ELECTRONIC LOCATION AND ACCESS |
| Uniform Resource Identifier |
<a href="https://www.construction.co.uk">https://www.construction.co.uk</a> |
| Public note |
View the website free of charge at www.construction.co.uk... |
| 942 ## - ADDED ENTRY ELEMENTS (KOHA) |
| Suppress in OPAC |
0 |